=LDR 00000nam 2200000 4500 =001 INLIS000000000016011 =005 20130612111304 =008 ***********************************Ind** =035 ##$$0010-061300000016011 =041 ##$$a Ind =082 ##$$a 345.029 095 988 =090 ##$$a 345.029 095 988, Sri k =100 ##$$a Sri Hardiman =245 ##$$a Kembali ke UUD 1945 mengantara perjuangan pembalasan Iran Barat ke wilayah Republik Indonesia, Sri Hardiman =260 ##$$a 1995 $b Jakarta =300 ##$$a XVII-110 hlm., 21 cm =650 ##$$a Undang-undang Dasar - sejarah Irian Barat =850 ##$$a NBPNMAT